000 00733nam a2200241Ia 4500
001 15529
003 GE_BSU
008 181216s||||||||xx |||||||||||||| ||und||
040 _cGE_BSU
080 _a821.353.1-4
100 _aჩიქოვანი,გრიგოლ
245 _aჩვენი დღეები.
245 _bნარკვევები
245 _cრედ.ც.ჩხეიძე. მხატვ. გ.გორდელაძე
260 _aთბილისი
260 _bსახელგამი
260 _c1956
300 _a262გვ.21სმ.
541 _h5ლ.
653 _aნარკვევები
653 _aჩვენი დღეები.
942 _cBK
999 _c48629
_d48629